classic cars - Statistics

General Stats
  • This quiz has been taken 42 times
  • The average score is 4 of 8
Answer Stats
Picture Answer % Correct
VolksWagon Beetle
87%
Ford Model T
79%
Aston Martin DB5
63%
Bel Air
58%
Hudson Hornet
47%
Dodge Dart
13%
Ford Ecoline Truck
8%
land rover series 1 truck
8%
No matching quizzes found
Score Distribution
Percent of People with Each Score
Percentile by Number Answered
Your Score History
You have not taken this quiz